The RF transmission systems handbook / (Record no. 60915)

000 -LEADER
fixed length control field 01326cam a22003254a 4500
001 - CONTROL NUMBER
control field 12640516
003 - CONTROL NUMBER IDENTIFIER
control field NUST-PNEC
005 - DATE AND TIME OF LATEST TRANSACTION
control field 20170116180710.0
008 - FIXED-LENGTH DATA ELEMENTS--GENERAL INFORMATION
fixed length control field 020110s2002 flua b 001 0 eng
010 ## - LIBRARY OF CONGRESS CONTROL NUMBER
LC control number 2002017434
020 ## - INTERNATIONAL STANDARD BOOK NUMBER
International Standard Book Number 0849309735
040 ## - CATALOGING SOURCE
Transcribing agency PNEC
042 ## - AUTHENTICATION CODE
Authentication code pcc
050 00 - LIBRARY OF CONGRESS CALL NUMBER
Classification number TK6561
Item number .R52 2002
082 00 - DEWEY DECIMAL CLASSIFICATION NUMBER
Classification number 621.384'11 WHI
Edition number 21
100 ## - MAIN ENTRY--PERSONAL NAME
9 (RLIN) 508
Personal name Whitaker, Jerry C.
245 04 - TITLE STATEMENT
Title The RF transmission systems handbook /
Statement of responsibility, etc. edited by Jerry C. Whitaker.
260 ## - PUBLICATION, DISTRIBUTION, ETC.
Place of publication, distribution, etc. Boca Raton, Fla. :
Name of publisher, distributor, etc. CRC Press,
Date of publication, distribution, etc. c2002.
300 ## - PHYSICAL DESCRIPTION
Extent 1 v. (various pagings) :
Other physical details ill. ;
Dimensions 26 cm.
440 #0 - SERIES STATEMENT/ADDED ENTRY--TITLE
Title Electronics handbook series
500 ## - GENERAL NOTE
General note Includes Index http://www.worldcat.org/title/rf-transmission-systems-handbook/oclc/48834652&referer=brief_results
504 ## - BIBLIOGRAPHY, ETC. NOTE
Bibliography, etc. note Includes bibliographical references and index.
650 #0 - SUBJECT ADDED ENTRY--TOPICAL TERM
Topical term or geographic name entry element Radio
General subdivision EL
700 1# - ADDED ENTRY--PERSONAL NAME
Personal name Whitaker, Jerry C.
856 42 - ELECTRONIC LOCATION AND ACCESS
Materials specified Publisher description
Uniform Resource Identifier <a href="http://www.loc.gov/catdir/enhancements/fy0646/2002017434-d.html">http://www.loc.gov/catdir/enhancements/fy0646/2002017434-d.html</a>
856 42 - ELECTRONIC LOCATION AND ACCESS
Materials specified Book review (E-STREAMS)
Uniform Resource Identifier <a href="http://www.e-streams.com/es0604/es0604_2412.html">http://www.e-streams.com/es0604/es0604_2412.html</a>
906 ## - LOCAL DATA ELEMENT F, LDF (RLIN)
a 7
b cbc
c orignew
d 1
e ocip
f 20
g y-gencatlg
942 ## - ADDED ENTRY ELEMENTS (KOHA)
Source of classification or shelving scheme
Koha item type Book
Holdings
Withdrawn status Lost status Source of classification or shelving scheme Damaged status Not for loan Permanent Location Current Location Shelving location Date acquired Source of acquisition Cost, normal purchase price Total Checkouts Full call number Barcode Date last seen Cost, replacement price Price effective from Koha item type
          Pakistan Navy Engineering College (PNEC) Pakistan Navy Engineering College (PNEC) Reference 06/20/2005 Royal Book Company 11781.00   621.384'11 WHI PNECLIB-026960 10/02/2014 11781.00 06/20/2005 Book
© 2023 Central Library, National University of Sciences and Technology. All Rights Reserved.